00863pam a2200253 a 4500001000800000005001700008008004100025010001700066020003200083020003900115040001800154041000800172043001200180080002200192082002600214100000700240101000800247245010800255504005100363906004500414942001200459999001700471952012100488382532420180206092449.0861103s1987 dcua b 001 0 eng  a 86029920  a0815710429 :c$32.95 (est.) a0815710410 (pbk.) :c$12.95 (est.) aDLCcDLCdDLC aeng ae-sw--- a330.9485.058 BAR00a330.9485.058 BAR219 a52 aECO04aThe Swedish economy /cBarry P. Bosworth ... [et al.] ; Barry P. Bosworth and Alice M. Rivlin, editors. aIncludes bibliographical references and index. a7bcbccorignewd1eocipf19gy-gencatlg 2ddccBK c41952d41952 00102ddc40708PËKGa002b002cPËKGd2018-02-06l0o330.9485.058 BARp002-2999086r2018-02-06w2018-02-06yBK